<?xml version="1.0" encoding="UTF-8"?><?xml-stylesheet type="text/xsl" href="static/style.xsl"?><OAI-PMH xmlns="http://www.openarchives.org/OAI/2.0/" xmlns:xsi="http://www.w3.org/2001/XMLSchema-instance" xsi:schemaLocation="http://www.openarchives.org/OAI/2.0/ http://www.openarchives.org/OAI/2.0/OAI-PMH.xsd"><responseDate>2026-04-13T01:02:44Z</responseDate><request verb="GetRecord" identifier="oai:www.recercat.cat:2117/386937" metadataPrefix="marc">https://recercat.cat/oai/request</request><GetRecord><record><header><identifier>oai:recercat.cat:2117/386937</identifier><datestamp>2025-07-23T01:45:39Z</datestamp><setSpec>com_2072_1033</setSpec><setSpec>col_2072_452951</setSpec></header><metadata><record xmlns="http://www.loc.gov/MARC21/slim" xmlns:dcterms="http://purl.org/dc/terms/" xmlns:xsi="http://www.w3.org/2001/XMLSchema-instance" xmlns:doc="http://www.lyncode.com/xoai" xsi:schemaLocation="http://www.loc.gov/MARC21/slim http://www.loc.gov/standards/marcxml/schema/MARC21slim.xsd">
   <leader>00925njm 22002777a 4500</leader>
   <datafield ind2=" " ind1=" " tag="042">
      <subfield code="a">dc</subfield>
   </datafield>
   <datafield ind2=" " ind1=" " tag="720">
      <subfield code="a">García Hernández, David</subfield>
      <subfield code="e">author</subfield>
   </datafield>
   <datafield ind2=" " ind1=" " tag="260">
      <subfield code="c">2007-06-01</subfield>
   </datafield>
   <datafield ind2=" " ind1=" " tag="520">
      <subfield code="a">Se estudiará la relación entre la energía cinética y potencial en los procesos de arrastre de&#xd;
sedimentos debidos a la turbulencia. Se describirán los campos de velocidad y vorticidad de los&#xd;
flujos en la capa limite mediante experimentación en el laboratorio de dinámica de fluidos de la&#xd;
ETSECCPB. Se estudiará el comportamiento del sedimento de distinto tamaño con Turbulencia&#xd;
generada por una corriente de gravedad, por una rejilla o por diversos obstáculos.&#xd;
Se utilizará además el programa Ima_Calc en diversos experimentos para el estudio del&#xd;
comportamiento de la turbulencia.&#xd;
Se realizarán distintos experimentos en un tanque con sedimentos de distinto tamaño con objeto de&#xd;
estudiar su comportamiento, midiendo el tiempo de paso de la corriente de turbidez por unos puntos&#xd;
determinados, y calculando la velocidad y altura de la cabeza de la corriente.</subfield>
   </datafield>
   <datafield tag="653" ind2=" " ind1=" ">
      <subfield code="a">Àrees temàtiques de la UPC::Enginyeria civil::Geologia</subfield>
   </datafield>
   <datafield tag="653" ind2=" " ind1=" ">
      <subfield code="a">Sediment transport</subfield>
   </datafield>
   <datafield tag="653" ind2=" " ind1=" ">
      <subfield code="a">Sediments (Geologia)--Transport</subfield>
   </datafield>
   <datafield ind2="0" ind1="0" tag="245">
      <subfield code="a">Transporte de sedimentos en flujo turbulento</subfield>
   </datafield>
</record></metadata></record></GetRecord></OAI-PMH>